000 00774nam a2200253Ia 4500
003 OSt
005 20220918170842.0
006 a|||||r|||| 00| 0
007 ta
008 220917b |||||||| |||| 00| 0 eng d
020 _a9780745636825 (pbk)
_c1174.14
024 _a242,519
037 _b10-02245, 05/07/2010, Atlantic Publisher & Dist.Pvt.Ltd.
_cTextual
040 _aARTS
_cARTS
_beng
041 _2eng
_aeng
082 _aR4, Q0
100 _aHutchings Kimberly
_931706
245 0 _aGlobal ethics
_bAn introduction
260 _aCambridge
_bPolity
_c2010
300 _a244p.
_ccm.
650 _aPHILOSOPHY
942 _hR4, Q0
_cTEXL
_2CC
999 _c136241
_d136241